E.R. - Name the episode #12 - Statistics

General Stats
  • This quiz has been taken 3 times
  • The average score is 11 of 19
Answer Stats
Hint Answer % Correct
Was dumped by Carter Dear Abby
100%
Helped Carol give birth Great Expectations
100%
Married Luka I Don't
100%
Kissed Carter Lockdown
100%
Did a NICU rotation NICU
100%
Left County The Book of Abby
100%
First day in the ER Abby Road
67%
Was attacked by her violent neighboor A Simple Twist of Fate
67%
Gave birth to baby Joe Bloodline
67%
Had to be a nurse again Mars Attacks
67%
Went to rescue her in Oklahoma Sailing Away
67%
Left Luka The Longer You Stay
67%
Got a visit from her bipolar mother The Visit
67%
Was kidnapped by gang members Skin
33%
Got drunk again and slept with Moretti Blackout
0%
Went to rescue her brother in Nebraska Firt Snowfall
0%
Became a med student again Out of Africa
0%
Made things right with Luka Owner of a Broken Heart
0%
Started dating Luka again The Human Shield
0%
No matching quizzes found
Score Distribution
Percent of People with Each Score
Percentile by Number Answered
Your Score History
You have not taken this quiz